La cultura nei colori #2 - Arancione - Statistics

Statistiche generali
  • Questo quiz è stato fatto 1.779 volte
  • Il punteggio medio è 10 su 20
Statistiche sulle risposte
Definizione Risposta % Corretto
Pesciolino bianco e arancione di un famoso film della Pixar Nemo
90%
Regione dal quale provengono la maggior parte delle arance italiane Sicilia
89%
L'arancione, che richiama la zucca, è uno dei colori tipici di questa festa americana Halloween
85%
Gatto arancione dei cartoni animati goloso di lasagne Garfield
84%
Frutto tropicale con semi neri e polpa arancione Papaya
74%
Paese nel quale regna dal 1813 la casata degli Orange-Nassau Paesi Bassi
69%
Serie americana che si svolge in un carcere femminile Orange is the New Black
68%
L'Irlanda ha nella propria bandiera i colori verde bianco e arancione; quale altro stato ha la bandiera con gli stessi colori solo che disposti "a specchio" rispetto a quelli irlandesi? Costa d'Avorio
67%
Città in cui si trova il Museo dell'Orangerie Parigi
67%
Religione nel quale l'arancione è un colore sacro Induismo
62%
Regista che nel 1971 ha girato "Arancia Meccanica" Stanley Kubrick
62%
Compagnia nel quale logo compare una freccia arancione Amazon
61%
Termine che colloquialmente si riferisce alla pelle con smagliature e cellulite Buccia d'arancia
43%
Paese che è il maggiore produttore mondiale di arance Brasile
41%
Paese nel quale si trova il fiume Orange Sudafrica
21%
Paese nel quale nel 2004 è avvenuta la cosiddetta « Rivoluzione arancione » Ucraina
16%
Diserbante dannoso ampiamente utilizzato dagli Stati Uniti durante la guerra del Vietnam Agente arancio
9%
Pigmento arancione, utilizzato nella fotosintesi, utilizzato come colorante alimentare Carotenoide
8%
Squadra di calcio italiana i cui colori sociali sono il bianco e l'arancione Pistoiese
8%
Città di Orange County in cui si trova il parco di Disneyland Anaheim
7%
Nessun quiz corrispondente trovato
Distribuzione punteggi
Percentuale di utenti per punteggio
Percentile per numero di risposta
I tuoi punteggi nel tempo
Non hai fatto questo quiz